| 000 | 01026nam a22003251i 4500 | ||
|---|---|---|---|
| 001 | 019110195 | ||
| 003 | Uk | ||
| 005 | 20230425151238.0 | ||
| 008 | 230425s2018 enkaf 000|0|eng|d | ||
| 015 |
_aGBC2D3741 _2bnb |
||
| 016 | 7 |
_a019110195 _2Uk |
|
| 020 |
_a9780956710253 (paperback) : _cNo price |
||
| 040 | _aStDuBDS | ||
| 041 | _aeng | ||
| 042 | _aukblsr | ||
| 082 | 0 | 4 | _a726.509410902 |
| 100 | 1 |
_aRenshaw, Martin, _eauthor. |
|
| 245 | 1 | 0 |
_aABC of a medieval church / _cMartin Renshaw. |
| 264 | 1 |
_a[Rothley] : _bAt the Sign of the Pipe, _c2018. |
|
| 300 |
_a118 pages, 8 unnumbered pages of plates : _billustrations (black and white, and colour) ; _c21 cm |
||
| 336 |
_atext _2rdacontent |
||
| 336 |
_astill image _2rdacontent |
||
| 337 |
_aunmediated _2rdamedia |
||
| 338 |
_avolume _2rdacarrier |
||
| 650 | 0 |
_aChurch buildings _zGreat Britain _xHistory. |
|
| 650 | 0 |
_aArchitecture, Medieval _zGreat Britain. |
|
| 651 | _aUnited Kingdom | ||
| 942 | _n0 | ||
| 999 |
_c121475 _d121475 |
||